| 000 | 00368cam a2200133ua 4500 | ||
|---|---|---|---|
| 041 |
_aeng _h |
||
| 082 |
_a025.43 _bDEW/DE |
||
| 100 | _aDewey, Melvil. | ||
| 245 |
_aDewey decimal classification and relative index, Vol 2 / _cMelvil Dewey. _hTextual Documents |
||
| 260 |
_aNew York : _bForest Press , _c1965. |
||
| 300 | _a2152 ; . | ||
| 942 | _cBK | ||
| 999 |
_c3787 _d3787 |
||